LIBRARY & INFORMATION CENTRE, KCAET, TAVANUR

ONLINE PUBLIC ACCESS CATALOGUE (OPAC)

Vegetable production and marketing / (Record no. 8783)

MARC details
000 -LEADER
fixed length control field 00472cam a2200193ua 4500
041 ## - LANGUAGE CODE
Language code of text/sound track or separate title eng
082 ## - DEWEY DECIMAL CLASSIFICATION NUMBER
Classification number 635
Item number WOR/VE
100 ## - MAIN ENTRY--AUTHOR NAME
Personal name Work, Paul .
245 ## - TITLE STATEMENT
Title Vegetable production and marketing /
250 ## - EDITION STATEMENT
Edition statement 2 /
260 ## - PUBLICATION, DISTRIBUTION, ETC. (IMPRINT)
Place of publication New Delhi :
Name of publisher Wiley Eastern Ltd ,
Year of publication 1970.
300 ## - PHYSICAL DESCRIPTION
Number of Pages 537 ; .
700 1# - ADDED ENTRY--PERSONAL NAME
Personal name Carew , John`` .
942 ## - ADDED ENTRY ELEMENTS (KOHA)
Koha item type Books
Holdings
Withdrawn status Lost status Damaged status Home library Current library Date acquired Full call number Accession Number Koha item type
      KAUAET KAUAET 07/04/2012 635 13628 Books
free website counter